[Event "DEM U10 2022"]
[Site "Willingen GER"]
[Date "2022.06.08"]
[Round "7"]
[White "Hepp, Daniel"]
[Black "Zimmer, Tim"]
[Result "1-0"]
[Termination "normal"]
[Board "3"]
[WhiteElo "1468"]
[BlackElo "1164"]
[WhiteClock "00:48:37"]
[BlackClock "00:16:10"]
[PlyCount "47"]
[WhiteFideId "34608567"]
[BlackFideId "34603115"]
[EventCountry "GER"]
[EventRounds "11"]
[EventType "swiss"]
[EventDate "2022.06.04"]

1. d4 {[%clk 01:15:59]} {[%emt 00:00:01]} d5 {[%clk 01:15:55]} {[%emt
00:00:05]} 2. e3 {[%clk 01:16:19]} {[%emt 00:00:10]} e6 {[%clk 01:15:53]}
{[%emt 00:00:32]} 3. Bd3 {[%clk 01:16:28]} {[%emt 00:00:21]} Nf6 {[%clk
01:15:31]} {[%emt 00:00:52]} 4. Nd2 {[%clk 01:16:31]} {[%emt 00:00:28]} Bd6
{[%clk 01:15:25]} {[%emt 00:00:36]} 5. f4 {[%clk 01:16:26]} {[%emt 00:00:35]}
Nbd7 {[%clk 01:14:28]} {[%emt 00:01:27]} 6. Ngf3 {[%clk 01:16:20]} {[%emt
00:00:37]} O-O {[%clk 01:13:15]} {[%emt 00:01:42]} 7. O-O {[%clk 01:16:02]}
{[%emt 00:00:48]} Re8 {[%clk 01:12:14]} {[%emt 00:01:31]} 8. Ne5 {[%clk
01:15:49]} {[%emt 00:00:44]} c5 {[%clk 01:06:39]} {[%emt 00:06:04]} 9. c3
{[%clk 01:15:53]} {[%emt 00:00:26]} c4 {[%clk 01:06:02]} {[%emt 00:01:07]} 10.
Bc2 {[%clk 01:16:05]} {[%emt 00:00:18]} b5 {[%clk 01:03:10]} {[%emt 00:03:22]}
11. e4 {[%clk 01:16:14]} {[%emt 00:00:21]} Nb6 {[%clk 00:57:30]} {[%emt
00:06:09]} 12. Qe2 {[%clk 01:13:32]} {[%emt 00:03:13]} Bb7 {[%clk 00:55:27]}
{[%emt 00:02:33]} 13. exd5 {[%clk 01:12:19]} {[%emt 00:01:43]} Nfxd5 {[%clk
00:52:56]} {[%emt 00:03:01]} 14. Bxh7+ {[%clk 01:09:51]} {[%emt 00:02:58]} Kf8
{[%clk 00:48:59]} {[%emt 00:04:26]} 15. Qh5 {[%clk 01:06:21]} {[%emt 00:04:01]}
Qc7 {[%clk 00:47:11]} {[%emt 00:02:19]} 16. Be4 {[%clk 01:03:13]} {[%emt
00:03:37]} Nf6 {[%clk 00:41:57]} {[%emt 00:05:43]} 17. Qe2 {[%clk 01:02:03]}
{[%emt 00:01:41]} Nbd5 {[%clk 00:37:05]} {[%emt 00:05:22]} 18. a3 {[%clk
00:56:38]} {[%emt 00:05:55]} Nxe4 {[%clk 00:32:51]} {[%emt 00:04:43]} 19. Nxe4
{[%clk 00:56:48]} {[%emt 00:00:21]} a5 {[%clk 00:28:48]} {[%emt 00:04:33]} 20.
Nxd6 {[%clk 00:50:56]} {[%emt 00:06:21]} Qxd6 {[%clk 00:28:48]} {[%emt
00:00:30]} 21. Qh5 {[%clk 00:50:04]} {[%emt 00:01:22]} g6 {[%clk 00:22:09]}
{[%emt 00:07:09]} 22. Qh8+ {[%clk 00:49:57]} {[%emt 00:00:38]} Ke7 {[%clk
00:22:21]} {[%emt 00:00:18]} 23. Qg7 {[%clk 00:50:09]} {[%emt 00:00:18]} Rab8
{[%clk 00:16:10]} {[%emt 00:06:42]} 24. Nxf7 {[%clk 00:48:37]} {[%emt
00:02:01]} 1-0

[Event "DEM U10 2022"]
[Site "Willingen GER"]
[Date "2022.06.08"]
[Round "7"]
[White "Chua, Daniel James"]
[Black "Thoms, Eric"]
[Result "1/2-1/2"]
[Termination "normal"]
[Board "14"]
[WhiteElo "1314"]
[BlackElo "1219"]
[WhiteClock "00:18:23"]
[BlackClock "00:31:16"]
[PlyCount "48"]
[WhiteFideId "34608354"]
[BlackFideId "34623450"]
[EventCountry "GER"]
[EventRounds "11"]
[EventType "swiss"]
[EventDate "2022.06.04"]

1. e4 {[%clk 01:15:59]} {[%emt 00:00:01]} e5 {[%clk 01:15:51]} {[%emt
00:00:09]} 2. f4 {[%clk 01:16:14]} {[%emt 00:00:15]} Bc5 {[%clk 01:16:11]}
{[%emt 00:00:10]} 3. Nf3 {[%clk 01:16:37]} {[%emt 00:00:06]} d6 {[%clk
01:16:33]} {[%emt 00:00:09]} 4. c3 {[%clk 01:09:39]} {[%emt 00:07:28]} Nc6
{[%clk 01:15:12]} {[%emt 00:01:50]} 5. d4 {[%clk 01:07:34]} {[%emt 00:02:35]}
exd4 {[%clk 01:14:37]} {[%emt 00:01:07]} 6. cxd4 {[%clk 01:05:17]} {[%emt
00:02:47]} Bb6 {[%clk 01:14:26]} {[%emt 00:00:40]} 7. Nc3 {[%clk 01:00:00]}
{[%emt 00:05:47]} Bg4 {[%clk 01:13:08]} {[%emt 00:01:48]} 8. Bb5 {[%clk
01:00:14]} {[%emt 00:00:17]} Bd7 {[%clk 01:12:00]} {[%emt 00:01:37]} 9. O-O
{[%clk 00:53:47]} {[%emt 00:06:57]} Nge7 {[%clk 01:10:34]} {[%emt 00:01:56]}
10. f5 {[%clk 00:49:13]} {[%emt 00:05:04]} Ne5 {[%clk 01:07:03]} {[%emt
00:04:00]} 11. Bxd7+ {[%clk 00:46:53]} {[%emt 00:02:50]} Qxd7 {[%clk 01:06:57]}
{[%emt 00:00:37]} 12. Kh1 {[%clk 00:47:01]} {[%emt 00:00:21]} Nxf3 {[%clk
01:06:34]} {[%emt 00:00:54]} 13. Rxf3 {[%clk 00:45:53]} {[%emt 00:01:37]} Nc6
{[%clk 01:00:50]} {[%emt 00:06:16]} 14. Be3 {[%clk 00:45:11]} {[%emt 00:01:11]}
O-O-O {[%clk 00:54:50]} {[%emt 00:06:30]} 15. a3 {[%clk 00:43:16]} {[%emt
00:02:23]} Rhe8 {[%clk 00:48:47]} {[%emt 00:06:35]} 16. b4 {[%clk 00:37:48]}
{[%emt 00:05:59]} Ne7 {[%clk 00:40:42]} {[%emt 00:08:34]} 17. Qb3 {[%clk
00:34:16]} {[%emt 00:04:01]} f6 {[%clk 00:39:28]} {[%emt 00:01:44]} 18. Rb1
{[%clk 00:34:21]} {[%emt 00:00:25]} d5 {[%clk 00:38:54]} {[%emt 00:01:04]} 19.
a4 {[%clk 00:32:40]} {[%emt 00:02:11]} a6 {[%clk 00:35:30]} {[%emt 00:03:54]}
20. a5 {[%clk 00:26:40]} {[%emt 00:06:30]} Ba7 {[%clk 00:35:40]} {[%emt
00:00:20]} 21. b5 {[%clk 00:25:07]} {[%emt 00:02:04]} b6 {[%clk 00:35:46]}
{[%emt 00:00:24]} 22. bxa6 {[%clk 00:24:56]} {[%emt 00:00:40]} dxe4 {[%clk
00:35:43]} {[%emt 00:00:32]} 23. Nxe4 {[%clk 00:24:50]} {[%emt 00:00:36]} Qd5
{[%clk 00:34:10]} {[%emt 00:02:03]} 24. axb6 {[%clk 00:18:23]} {[%emt
00:06:58]} Bxb6 {[%clk 00:31:16]} {[%emt 00:03:23]} 1/2-1/2

[Event "DEM U10 2022"]
[Site "Willingen GER"]
[Date "2022.06.08"]
[Round "7"]
[White "Mulgunov, Jefim Nikolaj"]
[Black "Wetzig, Karl Anton"]
[Result "0-1"]
[Termination "normal"]
[Board "28"]
[WhiteElo "1055"]
[BlackElo "884"]
[PlyCount "66"]
[WhiteFideId "124277417"]
[BlackFideId "34623442"]
[EventCountry "GER"]
[EventRounds "11"]
[EventType "swiss"]
[EventDate "2022.06.04"]

1. e4 e5 2. Nf3 Nc6 3. Bc4 Nf6 4. Ng5 d5 5. exd5 Na5 6. Bb5+ c6 7. dxc6 bxc6 8.
Bd3 h6 9. Nh3 Bd6 10. Nc3 O-O 11. O-O Bg4 12. Be2 Bxe2 13. Qxe2 Re8 14. d3 Nd5
15. Nxd5 cxd5 16. Qg4 Qc8 17. Qg3 Re6 18. Qf3 e4 19. Qf5 Re5 20. Qf4 Re6 21.
Qe3 Bb8 22. g3 Qxc2 23. Bd2 Nb7 24. Rac1 Qxb2 25. Rc8+ Kh7 26. Qe2 Nd6 27. Rf8
Qxa2 28. Rd1 Re8 29. Ng5+ Kg6 30. Qg4 f5 31. Qh4 Rxf8 32. Ne6 Rf7 33. Bc3 Qc2
0-1